Culture Générale - Série 1522 - Statistiques

Statistiques générales
  • Ce quiz a été pris 154 fois
  • Le résultat moyen est 6 sur 10
Statistiques - réponses
Question Réponse % Correct
Sur quel continent se trouve la République de Sierra Leone ? Afrique
98%
En judo, comment s'appellent les dix grades de la ceinture noire ? dans
87%
Au bord de quel lac la ville de Chicago est-elle située ? lac Michigan
80%
Le lac Nasser est un lac artificiel situé à la frontière entre l'Égypte et le ... Soudan
70%
En musique classique, comment appelle-t-on une oeuvre d'ensemble, écrite pour quatre instruments ou quatre voix ? quatuor
67%
Quelle unité de mesure vaut 1/1000e de millimètre ? micromètre
56%
En 1982, quelle journaliste, prénommée Eve, présente l'émission télévisée "Musiques au coeur" ? Eve Ruggieri
44%
Quel animal fabuleux possède une tête et des ailes d'aigles, sur un corps de lion ? griffon
44%
Sous quel nom est plus connue l'actrice Simone Kaminker ? Simone Signoret
36%
En 1839, quel peintre réalise “Noce juive au Maroc” ? Eugène Delacroix
18%
Aucun quiz correspondant
Distribution des résultats
% des personnes avec chaque résultat
Percentile par nombre de réponses
Votre historique - résultats
Vous n’avez pas pris ce quiz